[Event "Mittelrhein Regionalliga 1718"]
[Site "Nordrheinwestfalen"]
[Date "2017.12.03"]
[Round "4.3"]
[White "Tochtenhagen, Wolfgang"]
[Black "Nagel, Bernhard"]
[Result "0-1"]
[WhiteElo "2068"]
[BlackElo "2183"]
[PlyCount "118"]
[EventDate "2017.09.10"]
[EventType "team-tourn"]
[EventRounds "9"]
[EventCountry "GER"]
[SourceTitle "EXT 2022"]
[Source "ChessBase"]
[SourceDate "2021.10.06"]
[SourceVersion "1"]
[SourceVersionDate "2021.10.06"]
[SourceQuality "1"]
[WhiteTeam "Aachen DJK Aufwärts III"]
[BlackTeam "Koeln Lasker"]
[WhiteTeamCountry "GER"]
[BlackTeamCountry "GER"]

1. e4 e5 2. Nf3 Nc6 3. Bc4 Nf6 4. d3 Be7 5. 0-0 0-0 6. Nc3 d6 7. h3 Na5 8. Bb3 c5 9. Bg5 Nxb3 10. axb3 Be6 11. Nd2 h6 12. Bxf6 Bxf6 13. Nd5 Bg5 14. Nf3 Bxd5 15. exd5 f5 16. Nd2 Bxd2 17. Qxd2 f4 18. f3 a5 19. Qc3 b6 20. Qc4 Qd7 21. c3 Rf6 22. Qe4 Rc8 23. Rf2 g5 24. Kf1 Qh7 25. Ke2 Rf7 26. Rff1 h5 27. Rh1 Kg7 28. Kd2 Kf6 29. Ke2 Qf5 30. Rh2 Rh7 31. Rg1 Qxe4+ 32. dxe4 Ra8 33. Ra1 Rha7 34. Rhh1 a4 35. Rxa4 Rxa4 36. bxa4 Rxa4 37. Kd3 b5 38. Kc2 Kg6 39. Kb3 c4+ 40. Kc2 Ra7 41. Kd2 Kf6 42. Kc2 Ra8 43. Kd2 Ke7 44. Kc2 Kd7 45. Kd2 Kc7 46. Kc2 Kb6 47. Kd2 Rg8 48. Ke2 Ra8 49. Kd2 Kc5 50. Kc2 b4 51. Rg1 g4 52. cxb4+ Kxb4 53. hxg4 hxg4 54. g3 gxf3 55. gxf4 exf4 56. Rf1 Re8 57. Rxf3 Rxe4 58. b3 cxb3+ 59. Rxb3+ Kc4 0-1

[Event "Oberliga NRW 1516"]
[Site "Germany"]
[Date "2016.03.06"]
[Round "7.7"]
[White "Tochtenhagen, Wolfgang"]
[Black "Nissen, Claus"]
[Result "1-0"]
[WhiteElo "2080"]
[BlackElo "2087"]
[PlyCount "121"]
[EventDate "2015.09.27"]
[EventType "team-tourn"]
[EventRounds "9"]
[EventCountry "GER"]
[SourceTitle "EXT 2017"]
[Source "ChessBase"]
[SourceDate "2016.10.25"]
[SourceVersion "1"]
[SourceVersionDate "2016.10.25"]
[SourceQuality "1"]
[WhiteTeam "Aachen Aufwaerts II"]
[BlackTeam "Oberhausen"]
[WhiteTeamCountry "GER"]
[BlackTeamCountry "GER"]

1. e4 e6 2. d4 d5 3. e5 c5 4. c3 Nc6 5. Nf3 Qb6 6. Bd3 Bd7 7. 0-0 cxd4 8. cxd4 Nxd4 9. Nbd2 Nc6 10. Nb3 Nge7 11. Be3 Qc7 12. Rc1 Ng6 13. Nc5 Rd8 14. b4 Qb8 15. Nxd7 Rxd7 16. Bb5 Ngxe5 17. Nxe5 Nxe5 18. f4 a6 19. Ba4 b5 20. fxe5 bxa4 21. Qxa4 Qb5 22. Rc8+ Rd8 23. Rxd8+ Kxd8 24. Qc2 Qc4 25. Qxc4 dxc4 26. Rxf7 Be7 27. Rxg7 c3 28. Rg4 Kd7 29. Rc4 Rc8 30. Bc5 a5 31. a3 axb4 32. axb4 Bxc5+ 33. bxc5 Kc6 34. Rxc3 Kd5 35. Kf2 Kxe5 36. Ke3 h6 37. g4 Kd5 38. h4 Rg8 39. c6 Rc8 40. c7 Ke5 41. Rc4 Kd5 42. Rd4+ Kc6 43. Ke4 e5 44. Rc4+ Kd6 45. Rc2 Ke6 46. Rc6+ Kd7 47. Rxh6 Kxc7 48. Kxe5 Re8+ 49. Kf5 Ra8 50. Rh7+ Kd6 51. Kf6 Re8 52. Rf7 Re4 53. Kg5 Ke6 54. Rf6+ Ke7 55. Rf5 Ra4 56. h5 Ra8 57. h6 Rh8 58. Kh5 Ke6 59. Rf1 Ra8 60. g5 Ra2 61. h7 1-0

[Event "Cologne Longerich op-A 12th"]
[Site "Cologne"]
[Date "2015.07.31"]
[Round "1"]
[White "Statz, Samuel"]
[Black "Tochtenhagen, Wolfgang"]
[Result "1/2-1/2"]
[WhiteElo "1957"]
[BlackElo "2091"]
[PlyCount "77"]
[EventDate "2015.07.31"]
[EventType "tourn"]
[EventRounds "5"]
[EventCountry "GER"]
[SourceTitle "EXT 2017"]
[Source "ChessBase"]
[SourceDate "2016.10.25"]
[SourceVersion "1"]
[SourceVersionDate "2016.10.25"]
[SourceQuality "1"]

1. e4 c5 2. c3 d6 3. d4 Nf6 4. Bd3 g6 5. Nf3 Bg7 6. 0-0 0-0 7. h3 Nc6 8. Be3 Nd7 9. Nbd2 e5 10. Nb3 cxd4 11. cxd4 exd4 12. Nfxd4 Nxd4 13. Bxd4 Bxd4 14. Nxd4 Nc5 15. b4 Ne6 16. Bc4 Nf4 17. Ne2 Be6 18. Bxe6 Nxe6 19. Nc3 Nf4 20. Nd5 Nxd5 21. Qxd5 Qb6 22. a3 Rfe8 23. Rfd1 Re6 24. Rac1 Rae8 25. Rc4 Re5 26. Qd3 d5 27. exd5 Re1+ 28. Rxe1 Rxe1+ 29. Kh2 Qxf2 30. Qd4 Qxd4 31. Rxd4 Kf8 32. Rc4 Rd1 33. Rc8+ Kg7 34. Rc7 Rxd5 35. Rxb7 a5 36. Rb8 Rd3 37. bxa5 Rxa3 38. Ra8 h5 39. a6 1/2-1/2

[Event "Cologne Longerich op 8th"]
[Site "Cologne"]
[Date "2011.08.14"]
[Round "5"]
[White "Tochtenhagen, Wolfgang"]
[Black "Fieberg, Christoph"]
[Result "1-0"]
[WhiteElo "2077"]
[BlackElo "1776"]
[PlyCount "41"]
[EventDate "2011.08.12"]
[EventType "swiss"]
[EventRounds "5"]
[EventCountry "GER"]
[SourceTitle "CBM 144 Extra"]
[Source "ChessBase"]
[SourceDate "2011.10.28"]
[SourceVersion "1"]
[SourceVersionDate "2011.10.28"]
[SourceQuality "1"]

1. e4 c5 2. Nf3 d6 3. d4 cxd4 4. Nxd4 Nf6 5. Nc3 g6 6. Be3 Bg7 7. f3 0-0 8. Bc4 Nc6 9. Qd2 a6 10. 0-0-0 Nxd4 11. Bxd4 b5 12. Bb3 Bb7 13. h4 h5 14. g4 b4 15. Nd5 Bxd5 16. Bxd5 e5 17. Be3 Rb8 18. Bg5 hxg4 19. h5 Kh7 20. fxg4 Qd7 21. Bxf6 1-0

[Event "Oberliga NRW 1011"]
[Site "Germany"]
[Date "2011.01.30"]
[Round "6.7"]
[White "Tochtenhagen, Wolfgang"]
[Black "Kamp, Christoph"]
[Result "0-1"]
[WhiteElo "2132"]
[BlackElo "2246"]
[PlyCount "136"]
[EventDate "2010.09.26"]
[EventType "team-tourn"]
[EventRounds "9"]
[EventCountry "GER"]
[SourceTitle "EXT 2012"]
[Source "ChessBase"]
[SourceDate "2011.11.24"]
[SourceVersion "1"]
[SourceVersionDate "2011.11.24"]
[SourceQuality "1"]
[WhiteTeam "Aachen Aufwaerts"]
[BlackTeam "Muenster"]
[WhiteTeamCountry "GER"]
[BlackTeamCountry "GER"]

1. e4 e6 2. d4 d5 3. e5 c5 4. c3 Qb6 5. Nf3 Nc6 6. a3 c4 7. Be2 Bd7 8. Nbd2 Na5 9. a4 0-0-0 10. 0-0 f5 11. Ne1 Ne7 12. b4 cxb3 13. Nd3 Nec6 14. Ba3 b2 15. Bxb2 Nc4 16. Qc2 N6a5 17. Nxc4 Nxc4 18. Rfb1 Qc7 19. Bc1 Kb8 20. Nb4 Ka8 21. Bxc4 Qxc4 22. Bd2 Rc8 23. Qb3 Be7 24. Nc2 Rc7 25. Qxc4 Rxc4 26. a5 Rhc8 27. Ne3 R4c7 28. g3 Be8 29. f3 Rc6 30. Rc1 Bg5 31. Kf2 f4 32. gxf4 Bxf4 33. Rg1 Bg6 34. h4 Rf8 35. Raf1 Bd3 36. Rc1 Rc7 37. c4 Bxc4 38. Nxc4 dxc4 39. Bxf4 Rxf4 40. Rg4 Rf8 41. Ke3 b5 42. axb6 axb6 43. f4 b5 44. d5 exd5 45. Kd4 Rd8 46. f5 b4 47. h5 c3 48. Kd3 d4 49. h6 gxh6 50. Rxd4 Rxd4+ 51. Kxd4 c2 52. e6 b3 53. f6 b2 54. e7 b1Q 55. e8Q+ Ka7 56. Qe3 Qb6+ 57. Ke4 Rc5 58. Qd4 Qc6+ 59. Ke3 Kb7 60. Qb4+ Kc7 61. Qf4+ Qd6 62. Qxh6 Re5+ 63. Kf2 Qd4+ 64. Kg2 Qg4+ 65. Kf1 Qd1+ 66. Kf2 Re2+ 67. Kg3 Qd3+ 68. Kg4 Re4+ 0-1

[Event "Oberliga NRW 1011"]
[Site "Germany"]
[Date "2010.10.24"]
[Round "2.8"]
[White "Andersen, Hans Christoph"]
[Black "Tochtenhagen, Wolfgang"]
[Result "1/2-1/2"]
[WhiteElo "2205"]
[BlackElo "2132"]
[PlyCount "73"]
[EventDate "2010.09.26"]
[EventType "team-tourn"]
[EventRounds "9"]
[EventCountry "GER"]
[SourceTitle "EXT 2012"]
[Source "ChessBase"]
[SourceDate "2011.11.24"]
[SourceVersion "1"]
[SourceVersionDate "2011.11.24"]
[SourceQuality "1"]
[WhiteTeam "Godesberg"]
[BlackTeam "Aachen Aufwaerts"]
[WhiteTeamCountry "GER"]
[BlackTeamCountry "GER"]

1. d4 Nf6 2. c4 c5 3. d5 e6 4. Nc3 exd5 5. cxd5 d6 6. e4 g6 7. f4 Bg7 8. Bb5+ Nbd7 9. e5 dxe5 10. fxe5 Nh5 11. e6 Qh4+ 12. g3 Nxg3 13. exd7+ Bxd7 14. hxg3 Bxc3+ 15. bxc3 Qxg3+ 16. Kd2 Bxb5 17. Qf3 Qxf3 18. Nxf3 0-0-0 19. Ng5 f6 20. Nf7 Rxd5+ 21. Kc2 Rf8 22. Nh6 Bd7 23. Be3 b6 24. Rae1 Re8 25. Bd2 Rxe1 26. Rxe1 Re5 27. Rxe5 fxe5 28. Nf7 Be6 29. Ng5 Bxa2 30. Nxh7 b5 31. Be3 b4 32. Bxc5 bxc3 33. Bxa7 Kb7 34. Be3 Kc6 35. Kxc3 Kd5 36. Nf8 Ke4 37. Nxg6 1/2-1/2

[Event "Eifel op 1st"]
[Site "Schleiden Gmuend"]
[Date "2004.06.14"]
[Round "7"]
[White "Klein, Gernot"]
[Black "Tochtenhagen, Wolfgang"]
[Result "1/2-1/2"]
[WhiteElo "2040"]
[BlackElo "2070"]
[PlyCount "36"]
[EventDate "2004.05.29"]
[EventType "swiss"]
[EventRounds "7"]
[EventCountry "GER"]
[SourceTitle "EXT 2006"]
[Source "ChessBase"]
[SourceDate "2005.11.24"]
[SourceVersion "1"]
[SourceVersionDate "2005.11.24"]
[SourceQuality "1"]

1. e4 c5 2. Nf3 Nc6 3. d4 cxd4 4. Nxd4 g6 5. Nc3 Bg7 6. Be3 Nf6 7. Bc4 0-0 8. Bb3 d6 9. f3 Bd7 10. Qd2 Ne5 11. h4 Rc8 12. 0-0-0 Nc4 13. Bxc4 Rxc4 14. b3 Rc8 15. h5 Nxh5 16. g4 Nf6 17. Kb1 Re8 18. Nd5 e6 1/2-1/2

[Event "Oberliga NRW 0203 II"]
[Site "Germany"]
[Date "2003.03.23"]
[Round "7.6"]
[White "Tochtenhagen, Wolfgang"]
[Black "Radke, Rolf"]
[Result "0-1"]
[WhiteElo "2107"]
[BlackElo "2092"]
[PlyCount "92"]
[EventDate "2002.10.06"]
[EventType "team"]
[EventRounds "9"]
[EventCountry "GER"]
[SourceTitle "EXT 2004"]
[Source "ChessBase"]
[SourceDate "2003.11.25"]
[SourceVersion "1"]
[SourceVersionDate "2003.11.25"]
[SourceQuality "1"]
[WhiteTeam "Bergheim"]
[BlackTeam "Muenster II"]
[WhiteTeamCountry "GER"]
[BlackTeamCountry "GER"]

1. e4 c5 2. Nf3 d6 3. d4 cxd4 4. Nxd4 Nf6 5. Nc3 a6 6. Be3 b5 7. f3 e5 8. Nb3 Bb7 9. Qd2 Nbd7 10. 0-0-0 Rc8 11. g4 h6 12. h4 Nb6 13. Na5 Ba8 14. Bh3 b4 15. Ne2 d5 16. g5 Nfd7 17. Bxb6 Qxb6 18. Nb3 a5 19. Kb1 a4 20. Nbc1 Rd8 21. exd5 Bc5 22. Qd3 0-0 23. gxh6 Qxh6 24. Qb5 f5 25. Ng3 Qg6 26. Nce2 Bf2 27. h5 Qg5 28. h6 g6 29. Nf1 Nf6 30. Rh2 Bxd5 31. h7+ Kh8 32. Rxf2 Bc4 33. Rxd8 Rxd8 34. f4 Bxb5 35. fxg5 Bxe2 36. a3 Bxf1 37. Rxf1 Ne4 38. Ka2 b3+ 39. cxb3 axb3+ 40. Ka1 Nxg5 41. Bg2 e4 42. Kb1 Rd2 43. Bh1 e3 44. Kc1 Nh3 45. a4 Nf2 46. a5 e2 0-1

[Event "Oberliga NRW 0203 II"]
[Site "Germany"]
[Date "2003.01.05"]
[Round "4.7"]
[White "Tochtenhagen, Wolfgang"]
[Black "Kuhnen, Thomas"]
[Result "1-0"]
[WhiteElo "2107"]
[BlackElo "2265"]
[PlyCount "57"]
[EventDate "2002.10.06"]
[EventType "team"]
[EventRounds "9"]
[EventCountry "GER"]
[SourceTitle "EXT 2004"]
[Source "ChessBase"]
[SourceDate "2003.11.25"]
[SourceVersion "1"]
[SourceVersionDate "2003.11.25"]
[SourceQuality "1"]
[WhiteTeam "Bergheim"]
[BlackTeam "Plettenberg"]
[WhiteTeamCountry "GER"]
[BlackTeamCountry "GER"]

1. e4 e5 2. Nf3 Nc6 3. Bb5 a6 4. Ba4 Nf6 5. 0-0 Nxe4 6. d4 b5 7. Bb3 d5 8. dxe5 Be6 9. Nbd2 Nc5 10. c3 Be7 11. Bc2 d4 12. cxd4 Nxd4 13. Nxd4 Qxd4 14. Nf3 Qxd1 15. Rxd1 Bd7 16. Be3 Ne6 17. Be4 c6 18. a4 b4 19. a5 Bc5 20. Rac1 Bxe3 21. fxe3 Rc8 22. Nd4 Nd8 23. Nb3 Bg4 24. Rd6 0-0 25. Bxc6 Rc7 26. Bf3 Rxc1+ 27. Nxc1 Be6 28. Rxa6 Re8 29. Rb6 1-0

[Event "BL2-West 0304"]
[Site "Germany"]
[Date "2003.??.??"]
[Round "?.7"]
[White "Gallinnis, Norbert"]
[Black "Tochtenhagen, Wolfgang"]
[Result "1-0"]
[WhiteElo "2300"]
[BlackElo "2060"]
[PlyCount "81"]
[EventDate "2003.12.14"]
[EventType "team-tourn"]
[EventRounds "9"]
[EventCountry "GER"]
[SourceTitle "CBM 100 Extra"]
[Source "ChessBase"]
[SourceDate "2004.07.06"]
[SourceVersion "2"]
[SourceVersionDate "2004.07.06"]
[SourceQuality "1"]
[WhiteTeam "Koeln Porz"]
[BlackTeam "Bergheim"]
[WhiteTeamCountry "GER"]
[BlackTeamCountry "GER"]

1. e4 c5 2. Nf3 Nc6 3. Nc3 g6 4. Bb5 Bg7 5. Bxc6 bxc6 6. e5 f6 7. exf6 Nxf6 8. 0-0 0-0 9. Qe2 e6 10. d3 d6 11. Bg5 h6 12. Bh4 g5 13. Bg3 e5 14. Nd2 Nd5 15. Nxd5 cxd5 16. Rab1 a5 17. c4 Be6 18. cxd5 Bxd5 19. Nc4 a4 20. h3 Qc7 21. f3 Kh8 22. Bf2 Rf7 23. Be3 Re8 24. Qc2 Bc6 25. Nd2 Ra8 26. Ne4 Bd5 27. Ra1 Qc6 28. Qd2 Rb7 29. h4 Rab8 30. hxg5 Rxb2 31. Qe1 h5 32. Qh4 Bf7 33. Nf6 Bxf6 34. gxf6 Rg8 35. Rf2 Rxf2 36. Kxf2 Qb5 37. Rd1 Qd7 38. g4 Qc6 39. Rh1 Rb8 40. Qg5 Rb2+ 41. Kg3 1-0

[Event "SVM-ch"]
[Site "Eikamp"]
[Date "1997.??.??"]
[Round "?"]
[White "Hasenberg, Wilfried"]
[Black "Tochtenhagen, Wolfgang"]
[Result "1-0"]
[WhiteElo "1852"]
[BlackElo "2075"]
[PlyCount "87"]
[EventDate "1997.05.??"]
[EventType "swiss"]
[EventRounds "7"]
[EventCountry "GER"]
[SourceTitle "EXT 2006"]
[Source "ChessBase"]
[SourceDate "2005.11.24"]
[SourceVersion "1"]
[SourceVersionDate "2005.11.24"]
[SourceQuality "1"]

1. d4 Nf6 2. c4 g6 3. Nc3 Bg7 4. e4 d6 5. Bd3 0-0 6. f3 e5 7. d5 Nh5 8. Nge2 a5 9. Be3 Na6 10. Qd2 Nc5 11. Bc2 f5 12. exf5 gxf5 13. 0-0-0 f4 14. Bxc5 dxc5 15. Ne4 b6 16. d6 Be6 17. b3 c6 18. Qd3 Bf5 19. g4 Bxe4 20. Qxe4 Nf6 21. Qf5 Qd7 22. g5 Qxf5 23. Bxf5 Ne8 24. Be4 Rd8 25. d7 Nc7 26. Rd6 Rf7 27. Rhd1 Bf8 28. Rxc6 Rfxd7 29. Rxd7 Rxd7 30. Rxb6 Kg7 31. h4 Rf7 32. Kc2 Ne8 33. Nc3 Ra7 34. Nd5 a4 35. bxa4 Nd6 36. Kb3 Rf7 37. Nc3 Rd7 38. a5 Nxe4 39. Nxe4 Rd3+ 40. Ka4 Rxf3 41. Rb3 Rf1 42. a6 f3 43. a7 f2 44. a8Q 1-0

[Event "SVM-ch"]
[Site "Eikamp"]
[Date "1997.??.??"]
[Round "?"]
[White "Tochtenhagen, Wolfgang"]
[Black "Koehler, Markus"]
[Result "1/2-1/2"]
[WhiteElo "2075"]
[BlackElo "1983"]
[PlyCount "132"]
[EventDate "1997.05.??"]
[EventType "swiss"]
[EventRounds "7"]
[EventCountry "GER"]
[SourceTitle "EXT 2006"]
[Source "ChessBase"]
[SourceDate "2005.11.24"]
[SourceVersion "1"]
[SourceVersionDate "2005.11.24"]
[SourceQuality "1"]

1. e4 c5 2. Nf3 Nc6 3. d4 cxd4 4. Nxd4 Nf6 5. Nc3 g6 6. Be3 Bg7 7. Bc4 Qa5 8. 0-0 0-0 9. Bb3 d6 10. f3 Bd7 11. Qd2 Nxd4 12. Bxd4 Bc6 13. Rad1 Qc7 14. a4 b6 15. Kh1 Rad8 16. Rfe1 Qb7 17. Nd5 Bxd5 18. exd5 Rd7 19. Bc4 Rc7 20. Qd3 Qa8 21. Bc3 Qc8 22. Ba6 Qf5 23. Qxf5 gxf5 24. Re2 Nh5 25. Bxg7 Kxg7 26. g3 Kf6 27. f4 Ng7 28. Bb5 Rd8 29. Red2 Rc5 30. c4 a5 31. b3 Rc7 32. Kg2 Ne8 33. Kf3 h5 34. Rb1 Rc5 35. b4 axb4 36. Rxb4 Nc7 37. Bc6 Rb8 38. Rdb2 e6 39. Ke3 exd5 40. cxd5 Nxd5+ 41. Bxd5 Rxd5 42. Rxb6 Re8+ 43. Kf2 Re4 44. Ra2 Red4 45. a5 Rd2+ 46. Rxd2 Rxd2+ 47. Ke3 Rxh2 48. Rxd6+ Ke7 49. Rh6 Ra2 50. a6 Ra4 51. Kf2 h4 52. gxh4 Rxf4+ 53. Kg3 Rg4+ 54. Kf3 Ra4 55. h5 f4 56. Rb6 Kf8 57. Rb8+ Kg7 58. Ra8 Kh7 59. a7 f6 60. Kg4 f5+ 61. Kf3 Kg7 62. h6+ Kh7 63. Kf2 Ra3 64. Kg2 Rg3+ 65. Kf1 Ra3 66. Kf2 Ra1 1/2-1/2